000 03792nam0a2200409 4500
001 RU\NLR\BIBL_A\012066934
005 20190816093818.0
010 _a978-5-98121-099-0
_9300
021 _aRU
_bКН-П-19-048821
_9КН-П-19-3549
035 _a(NLR Aleph) 012066934
035 _a(RuMoRGB)010027210
090 _a11734807
_c11734807
100 _a20190730d2019 k y0rusy50 ca
101 0 _arus
102 _aRU
105 _aacg|zzzz100zy
200 1 _aХудожественные традиции Сибири
_eматериалы Международной конференции, 2-3 октября 2018 г. [и других конференций, указанных в аннотации на обороте титульного листа, которые отражены также в добавочных записях коллективного автора]
_fМинистерство культуры Российской Федерации, Сибирский государственный институт искусств имени Дмитрия Хворостовского
_g[главный редактор: М. М. Чихачёва]
210 _aКрасноярск
_cСГИИ имени Д. Хворостовского
_d2019
215 _a372 с.
_cил., нот., портр.
_d29
320 _aБиблиогр. в конце ст.
606 1 _aИскусство
_yСибирь
_jСъезды, совещания и т.п
_2nlr_sh2
_3RU\NLR\AUTH\66488129
606 1 _aХудожественное образование
_yСибирь
_jСъезды, совещания и т.п
_2nlr_sh1
_2nlr_sh2
_3RU\NLR\AUTH\661434726
686 1 _aЩ03(2Р5)я431
686 1 _aЧ459.74(2Р5)я431
702 1 _aЧихачёва
_bМ. М.
_gМария Михайловна
_4340
711 1 2 _a"Художественные традиции Сибири", международная научная конференция
_f2018
_eКрасноярск
_3RU\NLR\AUTH\880506461
711 1 2 _a"Керамика в современном художественном мире. Сохранение традиций и перспективы развития", всероссийская научно-практическая конференция
_f2018
_eКрасноярск
_3RU\NLR\AUTH\880506464
711 1 2 _a"Актуальные проблемы современного композиторского творчества", всероссийская (с международным участием) научная конференция
_d2
_f2018
_eКрасноярск
_3RU\NLR\AUTH\880506467
711 1 2 _a"Русские народные инструменты в образовательных организациях системы художественного образования города Красноярска: история и современность", научно-педагогическая конференция
_f2018
_3RU\NLR\AUTH\880506470
711 1 2 _a"Актуальность и перспективы развития хореографического искусства в системе дополнительного образования города Красноярска", научно-педагогическая конференция
_f2018
_3RU\NLR\AUTH\880506473
712 0 2 _aСибирский государственный институт искусств им. Д. Хворостовского
_cКрасноярск
_3RU\NLR\AUTH\880501629
_4475
942 _cBOOK
980 _aNBR
980 _aNB